Żabson - piosenki - Statystyki

Ogólne statystyki
  • Ten quiz został rozwiązany 721 razy
  • Średni wynik to 5 z 20
Statystyki odpowiedzi
Wyświetlenia Nazwa piosenki % Poprawnych
33 mln Księżniczki
81%
16 mln Dmt
64%
10,8 mln Pokora
63%
11,6 mln Trapollo
55%
15 mln Incepcja
41%
11,3 mln Daddyshoes
33%
9,5 mln Biznesmen
28%
14 mln Superman
27%
13,1 mln Czarne okulary
26%
9,7 mln Do ziomów
22%
10,8 mln Los
22%
13,6 mln Weedbanger
13%
9,6 mln Rich art
10%
9,1 mln Ukryty w mieście krzyk
10%
7,3 mln Bubblegum free
8%
5,6 mln Wieża bubble
8%
6 mln James bong
3%
8,4 mln Cztery korony
2%
5,7 mln Freedersehen
1%
5,6 mln Tour of the year 2
1%
Nie znaleziono quizów pasujących do podanych kryteriów
Rozkład punktacji
Procent ludzi z każdym wynikiem
Percentyl według liczby udzielonych odpowiedzi
Twoja historia wyników
Nie rozwiązałeś tego quizu